Computers in fisheries research

Shranjeno v:
Bibliografske podrobnosti
Glavni avtor: Megrey, Bernard A. (autor)
Drugi avtorji: Moksness, Erlend (autor)
Format: Knjiga
Jezik:angleščina
Izdano: Londres Chapman Hall 1996
Teme:
Oznake: Označite
Brez oznak, prvi označite!

MARC

LEADER 00000nam a2200000 a 4500
001 UCO1430
003 CL-VaPUC
008 000512e19960000UK |||||||||||||||||eng|d
082 0 4 |a 639.0285  |b MEG  |2 21 
100 |a Megrey, Bernard A.  |e autor  |9 443534 
700 |a Moksness, Erlend  |e autor  |9 573173 
245 1 0 |a Computers in fisheries research 
300 |a 254 p 
942 |c BK 
945 |d 20000512 00:00:00  |a vberengu 
260 |a Londres  |b Chapman Hall  |c 1996 
650 0 |a Industria pesquera  |9 255432 
650 7 |a PESQUERIAS  |2 CL-VaPUC  |9 443532 
650 7 |a TECNOLOGIA PESQUERA  |2 CL-VaPUC  |9 326877 
583 |a last modification  |c 20000512 00:00:00  |k Rodrigo Vera 
999 |c 288051  |d 288049 
952 |0 0  |1 0  |4 0  |6 639_028500000000000_MEG_1996  |7 0  |8 CCM  |9 335241  |a BIBCUR  |b BIBCUR  |d 2019-11-20  |i 3575799  |o 639.0285 MEG 1996  |p 3575799  |r 2025-04-22  |w 2019-11-20  |y BK  |k RNT